South African Journal of Surveying and Geo-information (Record no. 118608)

MARC details
000 -LEADER
fixed length control field 00930cas a22002415a 4500
001 - CONTROL NUMBER
control field L352
008 - FIXED-LENGTH DATA ELEMENTS--GENERAL INFORMATION
fixed length control field 070711c1999 sa tr p 0 a0eng
022 0# - INTERNATIONAL STANDARD SERIAL NUMBER
International Standard Serial Number 1023-5302
035 ## - SYSTEM CONTROL NUMBER
System control number (Sirsi) u98974
041 0# - LANGUAGE CODE
Language code of text/sound track or separate title eng
110 2# - MAIN ENTRY--CORPORATE NAME
Corporate name or jurisdiction name as entry element South African Council for Professional and Technical Surveyors
9 (RLIN) 5266
245 00 - TITLE STATEMENT
Title South African Journal of Surveying and Geo-information
260 ## - PUBLICATION, DISTRIBUTION, ETC.
Place of publication, distribution, etc. Gonubie
Name of publisher, distributor, etc. South African Council for Professional and Technical Surveyors
Date of publication, distribution, etc. 1999-
362 0# - DATES OF PUBLICATION AND/OR SEQUENTIAL DESIGNATION
Dates of publication and/or sequential designation 1(1) April 1999-2(1) April 2001
520 ## - SUMMARY, ETC.
Summary, etc. Incorporates the South African Journal of Surveying and Mapping and South African Journal of Geo-Information.
554 ## -
-- Three per year
651 #4 - SUBJECT ADDED ENTRY--GEOGRAPHIC NAME
Geographic name South Africa
690 ## - LOCAL SUBJECT ADDED ENTRY--TOPICAL TERM (OCLC, RLIN)
Topical term or geographic name as entry element ENVIRONMENTAL AND LAND CONSULTANCY-GEOMATICS-LAND SURVEYING
780 00 - PRECEDING ENTRY
Title South African Journal of Surveying and Mapping
780 00 - PRECEDING ENTRY
Title South African Journal of Geo-Information
942 ## - ADDED ENTRY ELEMENTS (KOHA)
Suppress in OPAC 0
948 ## - LOCAL PROCESSING INFORMATION (OCLC); SERIES PART DESIGNATOR (RLIN)
c (OCLC) 20/01/1995
Holdings
Withdrawn status Lost status Source of classification or shelving scheme Damaged status Not for loan Home library Current library Shelving location Date acquired Total Checkouts Full call number Barcode Date last seen Price effective from Koha item type
    Other/Generic Classification Scheme     London London Basement 03/01/2007   SOUTH AFRICAN JOURNAL OF SURVEYING & GEO 98974-1001 06/08/2019 06/08/2019 Journal